000 00285nam a22001337a 4500
008 170315b xxu||||| |||| 00| 0 eng d
020 _a9780781746779
041 _aeng
080 _26TH
_a611
100 _a7
101 _aSHM
245 _aNEUROANATOMY
_cHAINES, D.E
942 _2udc
_cBK
999 _c7924
_d7924